| 000 | 00339 a2200109 4500 | ||
|---|---|---|---|
| 001 | ART_40645 | ||
| 005 | 20260410161754.0 | ||
| 008 | 260409a | ||
| 245 | 1 | 0 | _aTratamiento de la renta financiera en el impuesto a las ganancias |
| 100 | 1 | _aVolman, Mario | |
| 773 | 0 |
_tDoctrina tributaria _g- NÂș 440 (nov. 2016) _wREV4296 |
|
| 999 |
_c19935 _d19935 |
||